000 01125nam a22003017a 4500
003 CHAP
005 20220329141058.0
008 971013s r 00010 d
010 _a62298
011 _a63270
035 _a67446
040 _cCHAP
100 0 0 _aDíaz Barriga, Horalia.
_933376
245 _aLista preliminar de especies pteridofitas de los estados de Guanajuato, Michoacán y Querétaro
490 _aFlora del Bajío y de Regiones Adyacentes. Fascículo complementario
_v; 3
590 _aBATCH-UPD
_b10
_c20130110
_lUCH01
_h0400
590 _aBATCH-UPD
_b10
_c20130110
_lUCH01
_h2243
590 _aBATCH-UPD
_b10
_c20130410
_lUCH01
_h0033
590 _aBATCH-UPD
_b10
_c20130410
_lUCH01
_h1537
590 _aBATCH-UPD
_b10
_c20130914
_lUCH01
_h1416
590 _aCONVERSION
_b10
_c20130109
_lUCH01
_h1333
700 0 _aPalacios Rios, Mónica.
_984827
830 0 _aFlora del Bajío y de Regiones Adyacentes. Fascículo complementario
_v; 3
_941325
852 2 _yISSUE
_d2012-12-17
_503
901 _aBK
942 _cISSUE
949 _bBC
_cPS
_d-152601
_ePS
_i67446
_si
_t15.00
999 _c62298
_d62298